Legislation affecting common property management in Singapore (Record no. 80737)

MARC details
000 -LEADER
fixed length control field 01118cab a22001935a 4500
001 - CONTROL NUMBER
control field L145223
008 - FIXED-LENGTH DATA ELEMENTS--GENERAL INFORMATION
fixed length control field 080917s2008 xxkad f 000 0 eng d
035 ## - SYSTEM CONTROL NUMBER
System control number (Sirsi) u145223
041 0# - LANGUAGE CODE
Language code of text/sound track or separate title eng
100 1# - MAIN ENTRY--PERSONAL NAME
Personal name Christudason, Alice
245 00 - TITLE STATEMENT
Title Legislation affecting common property management in Singapore
Remainder of title confusion or solution through fragmentation?
260 ## - PUBLICATION, DISTRIBUTION, ETC.
Date of publication, distribution, etc. 2008
490 #0 - SERIES STATEMENT
Series statement Property Management
Volume/sequential designation 26(3) 2008, 207-219(13)
520 ## - SUMMARY, ETC.
Summary, etc. Considers changes in property management in strata developments since 2005, including the shift in responsibility from single-tier management firms to multi-tier management firms and limited common property. Discusses the problems associated with the single-tier system and how the new system seeks to solve these problems. Concludes that whilst the multi-tier system could minimise some problems associated with the single-tier management system, other problems arise including: increased operational costs; finding sufficient volunteers, and increased potential for conflict.
590 ## - LOCAL NOTE (RLIN)
Local note KA
651 #4 - SUBJECT ADDED ENTRY--GEOGRAPHIC NAME
Geographic name Singapore
690 ## - LOCAL SUBJECT ADDED ENTRY--TOPICAL TERM (OCLC, RLIN)
Topical term or geographic name as entry element Block management
9 (RLIN) 6220
942 ## - ADDED ENTRY ELEMENTS (KOHA)
Suppress in OPAC 0
Holdings
Withdrawn status Lost status Source of classification or shelving scheme Damaged status Not for loan Home library Current library Shelving location Date acquired Total Checkouts Full call number Barcode Date last seen Copy number Price effective from Koha item type
    Dewey Decimal Classification     London London Journal article 17/09/2008   L145223 145223-1001 06/08/2019 1 06/08/2019 Journal article